[Event "Sinquefield Cup 2nd"]
[Site "Saint Louis"]
[Date "2014.09.05"]
[Round "9"]
[White "Vachier Lagrave, Maxime"]
[Black "Topalov, Veselin"]
[Result "1/2-1/2"]
[WhiteElo "2768"]
[BlackElo "2772"]
[Annotator "Akobian,V"]
[PlyCount "81"]
[EventDate "2014.08.27"]
[EventType "tourn"]
[EventRounds "10"]
[EventCountry "USA"]
[EventCategory "23"]
[SourceTitle "CBM 162"]
[Source "ChessBase"]
[SourceDate "2014.09.17"]
[SourceVersion "1"]
[SourceVersionDate "2014.09.17"]
[SourceQuality "1"]

1. Nf3 {In this game Vachier-Lagrave decided to play a slow setup without any
theory} d5 2. g3 g6 3. Bg2 Bg7 4. O-O e5 5. d3 Ne7 6. e4 O-O 7. exd5 Nxd5 8.
Nc3 Nc6 9. Re1 ({White could have also tried the interesting} 9. Nxe5 $5 Nxc3
10. Nxc6 Nxd1 11. Nxd8 Nxb2 12. Bxb2 Bxb2 13. Rab1 Rxd8 14. Rxb2 c6 15. Re1 {
with about equal position.}) 9... Nde7 10. a4 h6 11. a5 a6 {very important to
stop white from playing a6} 12. Be3 Re8 13. Qd2 Nf5 14. Bc5 Rb8 15. Ne4 b6 $1 {
Diagram [#] Black is removing the Bishop from active c5 square.} 16. axb6 cxb6
17. Ba3 Ncd4 18. Nxd4 Nxd4 19. Qd1 ({White could of tried} 19. Nd6 Re6 20. Nxc8
Rxc8 21. Rac1 h5 $1 22. Bb4 a5 23. Bc3 Nb5 {and black is slightly better.})
19... Bb7 20. c3 (20. Nd6 Bxg2 21. Kxg2 Re6 22. c3 Nc6 $15) 20... Nb5 21. Qb3 {
Active move by white I believe this is the right way to play otherwise black
might be slightly better.} Qd7 (21... Nxa3 22. Qxa3 a5 23. Qb3 Qc7 $15) (21...
Qxd3 $4 22. Rad1 {and black queen is in trouble.}) 22. Re3 Kh7 23. Rae1 f5 24.
Nd2 Bxg2 25. Kxg2 Re6 26. Nf3 Rbe8 27. Kg1 e4 $6 {Topalov is slightly better
but here he rushed to break thru. Better is to build up.]} (27... a5 28. d4 e4
29. Nh4 Nxa3 30. Qxa3 h5 31. Ng2 Bh6 {black is slightly better}) 28. dxe4 Rxe4
29. Rxe4 Rxe4 (29... fxe4 30. Nh4 (30. Rd1 $4 exf3 31. Rxd7 Re1#) 30... Nxa3
31. Qxa3 Qd2 32. Ng2 e3 33. fxe3 Rf8 34. Rf1 Rxf1+ 35. Kxf1 Qd1+ 36. Kf2 Qd2+ {
with a draw}) 30. Rd1 Qe8 (30... Qb7 31. c4 (31. Rd8) 31... Nxa3 32. bxa3 Qc6)
31. Qd5 $1 {Diagram [#] Activating the Queen} Nxa3 32. bxa3 Qe7 33. h4 Qc5 34.
h5 Qxd5 35. hxg6+ Kxg6 36. Rxd5 Bxc3 37. Rd6+ Kf7 38. Rxb6 Ra4 39. Rxh6 Rxa3
40. Nh4 Ra5 41. Rc6 {Very solid game by both players position always remained
around equality throughout the game.} 1/2-1/2

[Event "Andorra op 29th"]
[Site "Arinsal"]
[Date "2011.07.20"]
[Round "5"]
[White "Venkatesh, Marani Rajendran"]
[Black "Arizmendi Martinez, Julen Luis"]
[Result "0-1"]
[WhiteElo "2480"]
[BlackElo "2555"]
[Annotator "Arizmendi,J"]
[PlyCount "50"]
[EventDate "2011.07.16"]
[EventType "swiss"]
[EventRounds "9"]
[EventCountry "AND"]
[SourceTitle "CBM 143 Extra"]
[Source "ChessBase"]
[SourceDate "2011.08.29"]
[SourceVersion "1"]
[SourceVersionDate "2011.08.29"]
[SourceQuality "1"]

1. Nf3 d5 2. g3 Nf6 3. Bg2 c6 4. d3 Bf5 5. Nbd2 e6 6. O-O h6 7. Qe1 Be7 8. e4
Bh7 9. Ne5 Nbd7 10. Nxd7 Nxd7 11. f4 O-O {Up to this point both sides' play
has been very standard.} 12. g4 $6 {After the game my opponent told me that he
knew Vaganian played Kh1 first, but decided to try g4 anyway. Of course, White
is not really trying to attack here (although that could happen later on), but
intends to leave my bishop out of the game with f5 at some point. However, the
problem with the pawn push is that it's not flexible at all and gives Black
too much information (pawns can´t go back!)} (12. Kh1 dxe4 13. dxe4 Nc5 14. Qe2
(14. Qe3 Qd7 15. a4 Rfd8 16. Nb3 Nxb3 17. Qxb3 Bc5 18. g4 Qe7 19. f5 h5 $1 {
Vaganian-Dominguez}) 14... a5 15. Nc4 b5 16. Ne5 Qc7 17. Nd3 Nxd3 18. cxd3 c5
19. Be3 Rac8 20. Rac1 Qd7 21. Rc2 Rfd8 22. Rd2 Bf6 23. Rc1 Bd4 24. h4 Bxe3 25.
Qxe3 Qd4 26. Qxd4 cxd4 27. Rdd1 g5 28. hxg5 hxg5 {1/2-1/2 Vaganian,R (2615)
-Karpov,A (2725)/Moscow 1993/EXT 1997}) 12... dxe4 {Obviously, Black must look
for counterplay in the centre, just like in the model game Vaganian-Karpov.}
13. dxe4 Qa5 {[%csl Rc2][%cal Ga5c5] ...Qc5 is a threat.} (13... Nc5) 14. Kh1
Rad8 15. Qg3 ({I was expecting} 15. Qe2 Qa4 16. Nb3 (16. b3 Qd4 17. Rb1 Nc5 {
and White can barely move.}) 16... Rfe8 17. Bd2 {In any case, Black can't
complain about his position after the opening.} Nb6 $5 18. Bc3 Qc4 $1) 15...
Nc5 {At this point my opponent began to think for a very long time. At first,
I didn't understand why, since Nb3 seemed so natural. But then it dawned on me
that he was looking at the tactical possibility of a3. I had seen this and
believed it to be highly suspicious, but began calculating it, just in case.}
16. a3 $2 (16. Nb3 Qa4 17. Nxc5 Bxc5 18. Qb3 $15 {is what I expected. I
suppose Venkatesh wasn't ready to admit that he was worse already.}) 16... Rxd2
$1 17. Qe1 Rxg2 $1 18. Qxa5 Bxe4 19. Re1 b6 $1 {The cleanest.} 20. Qb4 Bd5 $1 {
A nice little move.} 21. Re5 (21. c4 Nd3 22. cxd5 Bxb4 $19) 21... Nd3 {I win
back the queen and remain a few pawns up to boot.} 22. Rxd5 Nxb4 23. axb4 Rxc2
24. Rd2 Rc4 25. b3 Rc3 0-1

[Event "Golden Sands Europe op 1st"]
[Site "Golden Sands"]
[Date "2012.06.05"]
[Round "2"]
[White "Georgiev, Krum"]
[Black "Atalik, Suat"]
[Result "1-0"]
[WhiteElo "2421"]
[BlackElo "2608"]
[Annotator "Atalik,S"]
[PlyCount "87"]
[EventDate "2012.06.04"]
[EventType "swiss"]
[EventRounds "9"]
[EventCountry "BUL"]
[SourceTitle "CBM 149"]
[Source "ChessBase"]
[SourceDate "2012.07.17"]
[SourceVersion "1"]
[SourceVersionDate "2012.07.17"]
[SourceQuality "1"]

{The guy usually plays 1.e4 and has even beaten Taras once.} 1. Nf3 (1. d4 Nf6
2. Nf3 g6 3. Bg5 Bg7 4. Nbd2 O-O 5. c3 d6 (5... d5) 6. e4 Nbd7 7. Bd3 e5 8. O-O
{is what happened in the game with reverse colours.} h6 9. Bh4 b6 10. a4 a6 11.
Re1 Bb7 12. Qc2 Re8 13. Rad1 $13) 1... d5 2. g3 Bg4 3. Bg2 e6 $5 (3... Nd7 4.
c4 e6 5. Qb3 Nc5 6. Qc2 c6 7. O-O Nf6 8. d3 Ncd7 $5 {is known.}) 4. O-O (4. c4
c6 5. cxd5 Bxf3 $5 6. Bxf3 cxd5 7. O-O Nf6 8. d3 Nc6 9. Nc3 Bc5 $13 {is a
position in which Alex tried to squeeze Black.} (9... Be7 10. e4 dxe4 11. dxe4
O-O 12. Be3 Qa5 $132)) 4... Nd7 5. d3 c6 (5... Bd6 6. c4 (6. Nbd2 Ne7 7. e4 O-O
8. Qe1 c6 $13) 6... dxc4 (6... Ne7 7. Nc3 c6 8. cxd5 exd5 $13) (6... Ngf6 7.
cxd5 exd5 8. Nc3 c6 $11) 7. dxc4 Ngf6 {is what I was considering during the
game.}) 6. Nbd2 Bd6 7. b3 (7. Qe1 Ne7) 7... Ngf6 {I like my knight to be
posted forward but} (7... Ne7 8. Bb2 O-O 9. c4 a5 10. a3 b5 $13 {is also a
legitimate line.}) 8. Bb2 O-O 9. e4 (9. c4 Qe7) 9... e5 $1 {This position is
very OK despite the tempo down.} 10. Re1 Re8 11. c3 $146 (11. h3 Bh5 12. Qe2
Qc7 13. Qf1 dxe4 14. dxe4 b5 15. a4 a6 $13) 11... a5 12. Nf1 ({I was expecting
} 12. a3 b5) ({or} 12. a4 Nc5 13. Qc2 dxe4 14. dxe4 b5 $36) 12... a4 13. Ne3
Bc5 $1 14. b4 $2 {He had better options.} (14. Nxg4 Nxg4 15. d4 exd4 16. Nxd4
Ngf6 17. exd5 Rxe1+ 18. Qxe1 Bxd4 (18... a3 $6 19. Bc1 Bxd4 20. cxd4 Nxd5 21.
Bxd5 cxd5 22. Qb4) 19. cxd4 Nxd5 {looks OK} 20. Bxd5 $140 cxd5 21. Qb4 axb3 22.
axb3 Rxa1+ 23. Bxa1 Qc8 $17) (14. exd5 Bxe3 15. fxe3 a3 (15... cxd5) (15... e4
16. dxe4 a3 17. Bc1 Ne5 $44) 16. Bc1 cxd5 17. e4 Nc5 $40) 14... Bxe3 15. Rxe3
a3 (15... Nb6 $5 {is enough to get an advantage.}) (15... dxe4 16. dxe4 Nb6 17.
Qe2 $132) 16. Bc1 d4 17. Re2 (17. cxd4 exd4 18. Re1 Ne5 19. Bf4 Nfd7 $17 {
and the pin is very annoying.}) (17. Re1 dxc3 18. Qb3 Nf8 19. Qxc3 Bxf3 20.
Bxf3 Ne6 21. Be3 Nc7 $15) 17... dxc3 18. h3 (18. Qb3 Nf8 19. Qxc3 Ne6 20. Be3
Bxf3 21. Bxf3 Nc7 $15 {and knights may be better than bishops.}) 18... Bxf3 19.
Bxf3 c5 $2 {This must have come as a big relief for my opponent.} (19... Nb6 $1
20. Rc2 Na4 21. Bxa3 (21. Be3 Qd6 $17) 21... b5 22. Be2 Nd7 $17) (19... Nf8 20.
Rc2 Ne6 21. Rxc3 Qd6 22. Rb1 Nd4 23. Rxa3 Rxa3 24. Bxa3 Ra8 $17) 20. Qb3 cxb4
$5 (20... Qb6 21. Be3 (21. Rb1 cxb4 22. Qxb4 Qxb4 23. Rxb4 Nc5 24. Rc4 Ne6 25.
Be3 Rec8 $19) (21. b5 Nf8 22. Qxc3 Ne6 23. Bxa3 Nd4 24. Re3 Qxb5 25. Bd1 $15)
21... Qxb4 22. Rb1 Qxb3 23. Rxb3 b5 24. Rxb5 (24. Rxc3 b4 25. Rb3 Ra6 $17)
24... Reb8 25. Rxb8+ Rxb8 26. Rc2 Rb2 27. Rxc3 Rxa2 28. Kg2 Ra1 29. Bxc5 Nxc5
30. Rxc5 Nd7 31. Rd5 a2 32. Rxd7 Rg1+ 33. Kxg1 a1=Q+ 34. Kg2 $11) 21. Qxb4 Re6
(21... Qa5 $2 22. Qxa5 Rxa5 23. Rc2 $1 $16 {is what I missed and might have
turned out to be better for White.}) 22. Be3 (22. Qxc3 Rc6) 22... Qc7 23. Rc2
Rc6 24. Rac1 Rc8 (24... Nc5 $2 25. Qxc3 Ncxe4 26. Qb3 $18 {is a further point
which justifies White's play.}) 25. Qxa3 h5 {First I wanted to put my pawn on
h5 to cut any further possibilities of Bg4.} (25... Nf8 26. d4 (26. Qb4 Ne6 27.
a4 b6 28. Rb1 Qd7 $13) 26... exd4 27. Bxd4 Ne6 28. Be3 (28. Bxc3 $2 Nd4) (28.
Bxf6 gxf6 29. Bg4) 28... Qe5 29. Qb4 b5 $13) 26. Kg2 g6 27. Qb3 $2 $138 {
Draw offer.} (27. Qb4 Nf8 (27... h4 28. gxh4 Nf8 29. Rb1 (29. d4 $2 Rc4) 29...
Qd8 $1 $44) 28. a4 (28. d4 Rc4) 28... Ne6 29. a5 Ne8 $13 {is very messy.})
27... Nc5 $1 $138 {In mutual time trouble I had what I had wanted for a long
time in the game.} 28. Qb5 Ne6 29. Qb4 Nd7 (29... Ne8 30. Rb1 Qd8 $1 31. Be2
R8c7 32. Bb6 Nd4 $17 {looks grim for White.}) 30. Rb1 b6 $6 ({Even better is} 
30... Qd8 $142 $17) 31. Rb3 Kg7 32. Ra3 Kg8 {I just wanted to gain some time
before coming up with an important decision.} 33. Bd1 Ndf8 $1 (33... Kg7 34.
Rb3 (34. Rc1 c2)) 34. Be2 h4 $4 {This is really stupid. Somehow I had the
wrong feeling that something would have happened and I would have won the game.
} (34... Nd4 $1 {would have given me a great game.} 35. Bxd4 exd4 36. Qxd4 Ne6
37. Qe3 (37. Qb4 $2 Qe5 38. f4 (38. Ra4 b5) 38... Qd4 39. Ra4 Rc4 $19) 37...
Qd7 (37... Qd8 $5) 38. Ra4 b5 39. Ra7 R8c7 40. Ra8+ (40. Rxc7 Rxc7) 40... Kg7
41. Rc1 c2 $17) 35. Bg4 $16 {I had completely forgotten about this.} hxg3 36.
fxg3 Nd7 (36... f6 37. Rb3 {wins a pawn} Ra8 38. Bxb6 Qd6 39. Qxd6 Rxd6 40.
Rcxc3 Rxa2+ 41. Kf1 Nd7 42. Be3 Kf7 $16 {but Black may still show some
resilience.}) 37. Bxe6 fxe6 38. Rb3 Qa7 $2 (38... Nc5 $2 39. Rbxc3 Rf8 40. a4 (
40. Bxc5 bxc5 41. Rxc5 $2 Qf7 $132 {all of a sudden the f-line becomes crucial.
}) 40... Ra8 41. Bxc5 bxc5 42. Rxc5 Rxc5 43. Qxc5 Qxc5 44. Rxc5 Rxa4 $18) (
38... Kf7 39. Rf2+ Kg8 {and Black hangs around.}) 39. Qe7 $1 $18 {Finishes the
game at once.} Qc7 40. h4 $1 Ra8 (40... Nc5 41. Qxc7 R8xc7 42. Rbxc3 Kg7 43. a4
Ra7 44. Bxc5 bxc5 45. Rxc5 Rxc5 46. Rxc5 Rxa4 47. Rxe5 Kf6 48. Rb5 Ra3 49. d4
Rd3 50. Rb4 g5 51. h5 g4 52. h6 Rd2+ 53. Kf1 Kg6 54. Rb6 Rxd4 55. Rxe6+ Kf7 56.
h7 Kg7 57. Kf2 Rd3 58. Rh6 Kh8 59. e5 $18) 41. Rbxc3 $1 {A good move which I
had even failed to see in the time scramble.} Rxc3 $2 {Equal to resignation.} (
41... Nc5 $142 42. Bxc5 bxc5 43. Qxc7 Rxc7 44. Kf3 (44. Rxc5 Rxc5 45. Rxc5
Rxa2+ 46. Kf3 Rd2 47. Rxe5 Rxd3+ 48. Kf4 Kf7 49. Ra5 $18 {should also win.})
44... Kg7 45. Kg4 Kf6 46. Rf2+ Ke7 47. Kg5 $18) 42. Rxc3 Rxa2+ 43. Kh3 Qxc3 44.
Bh6 1-0

[Event "EU-ch 6th"]
[Site "Warsaw"]
[Date "2005.06.30"]
[Round "12"]
[White "Krysztofiak, Marcin"]
[Black "Kuraszkiewicz, Michael"]
[Result "1-0"]
[WhiteElo "2401"]
[BlackElo "2300"]
[Annotator "Atlas,V"]
[PlyCount "91"]
[EventDate "2005.06.18"]
[EventType "swiss"]
[EventRounds "13"]
[EventCountry "POL"]
[SourceTitle "CBM 108"]
[Source "ChessBase"]
[SourceDate "2005.09.26"]
[SourceVersion "1"]
[SourceVersionDate "2005.09.26"]
[SourceQuality "1"]

1. g3 d5 2. Nf3 c6 3. Bg2 Nf6 4. O-O Bf5 5. d3 h6 6. Nbd2 e6 7. Qe1 Be7 8. e4
Bh7 9. Qe2 O-O 10. c3 Nbd7 11. e5 Ne8 12. Ne1 f6 13. exf6 Rxf6 14. d4 Bd6 15.
f4 Nc7 16. Nef3 c5 17. dxc5 Nxc5 18. Ne5 Qe8 19. Ndf3 Ne4 20. Be3 Qa4 21. Ng4
Rff8 22. Bd4 Nb5 23. Be5 Bc5+ 24. Kh1 Qc4 25. Qxc4 dxc4 26. a4 Nbd6 27. Nd4 Bf5
28. Ne3 Bg6 29. Rad1 Rfe8 30. Bf3 Rac8 31. Kg2 Nf6 ({Better was} 31... Re7) 32.
Bxd6 Bxd6 33. Bxb7 Rb8 34. Bc6 Rxb2+ 35. Kg1 Bd3 36. Bxe8 Nxe8 37. Rf2 Rb6 38.
Nxe6 Nf6 39. a5 Ra6 40. Rfd2 Be7 41. f5 Rxa5 42. Rb2 Ne4 43. Rb7 Bf6 $2 ({
More tenacious was} 43... Bg5) 44. Rb8+ Kf7 (44... Kh7 {loses to} 45. Nf8+ Kg8
46. Ng6+ Kf7 (46... Kh7 47. Rh8#) 47. Rf8#) {[%tqu "En","White's attack needs
extra power. How to obtain it?","Try to bring the d1-rook into attack.",
"Sacrifice your knight!","e3c4","This beautiful move nicely concludes White's
combination.",5]} 45. Nxc4 $1 {[%csl Gb8,Gd1,Ge6,Rf7][%cal Ca5f5,Gd1d7,Oc4a5,
Gb8f8] This neat move decides the game at once.} Bxc4 (45... Rd5 {loses to} 46.
Nf4) 46. Rd7+ (46. Rd7+ {, and Black resigned in view of inevitable mate:} Be7
47. Rf8#) 1-0